[Event "Titled Tuesday intern op 01st Aug Late"]
[Site "Chess.com INT"]
[Date "2023.08.01"]
[Round "2"]
[White "Carlsen, Magnus"]
[Black "Gavrilin, Roman"]
[Result "1-0"]
[WhiteElo "2835"]
[BlackElo "2156"]
[PlyCount "57"]
[EventDate "2023.08.01"]
[EventType "swiss (blitz)"]
[EventRounds "11"]
[EventCountry "USA"]
[SourceTitle "EXT 2024"]
[Source "ChessBase"]
[SourceDate "2023.10.10"]
[SourceVersion "1"]
[SourceVersionDate "2023.10.10"]
[SourceQuality "1"]

1. b3 e5 2. Bb2 Nc6 3. g3 Nf6 4. Bg2 d5 5. d3 Be7 6. Nf3 Qd6 7. 0-0 0-0 8. c4 Bg4 9. h3 Bxf3 10. Bxf3 e4 11. cxd5 exf3 12. dxc6 Qxc6 13. exf3 Rad8 14. Kg2 Nd5 15. Nd2 Bf6 16. Rc1 Qd7 17. Bxf6 Nxf6 18. Ne4 Nd5 19. Rc4 Nb6 20. Nc5 Qd5 21. Rc2 Rfe8 22. Re1 Nc8 23. Ne4 c6 24. Rce2 Kf8 25. Qc1 Qd4 26. Qa3+ c5 27. Nxc5 Qd6 28. Nd7+ Rxd7 29. Rxe8# 1-0

[Event "Titled Tuesday intern op 01st Aug Early"]
[Site "Chess.com INT"]
[Date "2023.08.01"]
[Round "11"]
[White "Gavrilin, Roman"]
[Black "Llanos, Guillermo"]
[Result "0-1"]
[WhiteElo "2156"]
[BlackElo "2288"]
[PlyCount "140"]
[EventDate "2023.08.01"]
[EventType "swiss (blitz)"]
[EventRounds "11"]
[EventCountry "USA"]
[SourceTitle "EXT 2024"]
[Source "ChessBase"]
[SourceDate "2023.10.10"]
[SourceVersion "1"]
[SourceVersionDate "2023.10.10"]
[SourceQuality "1"]

1. e4 Nf6 2. e5 Nd5 3. c4 Nb6 4. d4 d6 5. exd6 cxd6 6. Nc3 g6 7. Be3 Bg7 8. Rc1 0-0 9. Be2 d5 10. c5 Nc4 11. Bxc4 dxc4 12. Nge2 Bf5 13. 0-0 Bd3 14. Re1 Nc6 15. d5 Nb4 16. Nf4 Bxc3 17. Rxc3 Nxd5 18. Nxd5 Qxd5 19. b3 Rad8 20. bxc4 Bxc4 21. Qa4 Ba6 22. h4 Rfe8 23. c6 Bb5 24. Qxa7 Bxc6 25. f3 Ra8 26. Qd4 Qxd4 27. Bxd4 Rxa2 28. Rce3 e6 29. Bf6 h5 30. Rd3 Ra5 31. Red1 Rf5 32. Bb2 Rd5 33. Rxd5 Bxd5 34. Bf6 Rc8 35. Ra1 Kf8 36. Kf2 Ke8 37. Ke3 Kd7 38. g4 hxg4 39. fxg4 Rc4 40. h5 Rxg4 41. h6 Rg3+ 42. Kf4 Rh3 43. Bg7 Rh5 44. Ra8 f6 45. Rf8 e5+ 46. Ke3 f5 47. Rh8 f4+ 48. Kf2 g5 49. Bxe5 Ke6 50. Bd4 Be4 51. Bg7 Kf5 52. Rf8+ Kg4 53. Re8 Bc2 54. Ke1 Rh2 55. Rf8 f3 56. Bd4 Rxh6 57. Kd2 Rh2+ 58. Kc3 Be4 59. Be5 Rg2 60. Bd4 Bc6 61. Kb4 Kg3 62. Be5+ Kg4 63. Bd4 Re2 64. Kc3 Kg3 65. Bc5 g4 66. Bd6+ Kg2 67. Bc5 g3 68. Kd3 Ra2 69. Bb6 f2 70. Kc3 Bf3 0-1